[Event "Foment Martinenc op-B 16th"]
[Site "Barcelona"]
[Date "2014.06.21"]
[Round "9"]
[White "Diez Balastegui, Jose Antonio"]
[Black "Rosell Hornero, Alejandro"]
[Result "1/2-1/2"]
[WhiteElo "1727"]
[BlackElo "1895"]
[PlyCount "57"]
[EventDate "2014.04.26"]
[EventType "swiss"]
[EventRounds "9"]
[EventCountry "ESP"]
[SourceTitle "EXT 2015"]
[Source "ChessBase"]
[SourceDate "2014.11.20"]
[SourceVersion "1"]
[SourceVersionDate "2014.11.20"]
[SourceQuality "1"]

1. d4 Nf6 2. e3 e6 3. Bd3 d5 4. Nf3 Be7 5. Nbd2 Nbd7 6. 0-0 b6 7. e4 dxe4 8. Nxe4 Bb7 9. Nxf6+ Nxf6 10. c3 0-0 11. Re1 h6 12. Bf4 Nh5 13. Bc1 Bd6 14. Ne5 Nf6 15. Ng4 Nxg4 16. Qxg4 Qf6 17. Be4 Bxe4 18. Rxe4 Kh7 19. Bf4 Bxf4 20. Rxf4 Qg6 21. Qe2 Rfd8 22. Re1 Rd7 23. Qf3 Rad8 24. Qe4 Qxe4 25. Rfxe4 Rd5 26. f4 c5 27. dxc5 bxc5 28. Kf2 Kg6 29. Re5 1/2-1/2

[Event "Foment Martinenc op-B 16th"]
[Site "Barcelona"]
[Date "2014.05.24"]
[Round "5"]
[White "Rosell Hornero, Alejandro"]
[Black "Aparicio Escudero, Hector F"]
[Result "1/2-1/2"]
[WhiteElo "1895"]
[BlackElo "1924"]
[PlyCount "70"]
[EventDate "2014.04.26"]
[EventType "swiss"]
[EventRounds "9"]
[EventCountry "ESP"]
[SourceTitle "EXT 2015"]
[Source "ChessBase"]
[SourceDate "2014.11.20"]
[SourceVersion "1"]
[SourceVersionDate "2014.11.20"]
[SourceQuality "1"]

1. c4 e5 2. g3 Nf6 3. Bg2 Bc5 4. Nc3 Nc6 5. e3 0-0 6. Nge2 d6 7. h3 Be6 8. d4 exd4 9. exd4 Nxd4 10. Nxd4 Bxc4 11. Be3 Re8 12. Qd2 c6 13. 0-0-0 d5 14. Qc2 a5 15. b3 Ba3+ 16. Kb1 Bb5 17. Ndxb5 cxb5 18. Nxb5 Rc8 19. Qd3 Bb4 20. Bd4 Ne4 21. Bxe4 dxe4 22. Qe3 Qd7 23. Na7 Ra8 24. Bb6 Qe6 25. Rc1 Bd2 26. Qd4 Bxc1 27. Rxc1 Qg6 28. Qe3 Qd6 29. Rc3 Qd1+ 30. Kb2 Qd5 31. Rc2 Qe5+ 32. Kb1 Qe6 33. g4 Qe5 34. Rc5 Qd6 35. Rc3 Qd1+ 1/2-1/2

[Event "Barcelona La Lira Spring op 1st"]
[Site "Barcelona"]
[Date "2008.05.15"]
[Round "6.23"]
[White "Lambruschini Palomino, Nilo"]
[Black "Rosell Hornero, Alejandro"]
[Result "1/2-1/2"]
[WhiteElo "1700"]
[BlackElo "1832"]
[PlyCount "132"]
[EventDate "2008.04.03"]
[EventType "swiss"]
[EventRounds "8"]
[EventCountry "ESP"]
[SourceTitle "EXT 2024"]
[Source "ChessBase"]
[SourceDate "2023.10.10"]
[SourceVersion "1"]
[SourceVersionDate "2023.10.10"]
[SourceQuality "1"]

1. d4 d5 2. Nc3 Nf6 3. e3 Bf5 4. Bd3 Bxd3 5. Qxd3 e6 6. Nf3 Nbd7 7. Ne5 Bd6 8. Nxd7 Qxd7 9. Bd2 a6 10. 0-0-0 0-0 11. f3 b5 12. g4 b4 13. Nb1 h6 14. h4 Nh7 15. f4 f5 16. g5 h5 17. Be1 Rfc8 18. Nd2 c5 19. dxc5 Rxc5 20. Nb3 Rc7 21. Rh2 Nf8 22. Kb1 g6 23. c3 a5 24. Rc2 a4 25. Nd4 b3 26. Re2 bxa2+ 27. Kxa2 Rc4 28. Nc2 Qb7 29. Rb1 Qb3+ 30. Ka1 Qb6 31. Na3 Bxa3 32. bxa3 Qc6 33. Reb2 Nd7 34. Qc2 Qc5 35. Bd2 Qxa3+ 36. Ra2 Qc5 37. Rb7 Qc6 38. Qb2 Qc8 39. Qb5 Nc5 40. Rb6 Nb3+ 41. Kb1 Nxd2+ 42. Rxd2 Rxc3 43. Rb2 Rc1+ 44. Ka2 Qc4+ 45. Qxc4 Rxc4 46. Rxe6 Kf7 47. Rf6+ Ke7 48. Rb7+ Ke8 49. Re6+ Kd8 50. Rxg6 Re4 51. Rd6+ Kc8 52. Rf7 Rxe3 53. Rf8+ Kc7 54. Rxa8 Kxd6 55. Rxa4 Re4 56. Ra6+ Kc5 57. g6 Re7 58. Rf6 Rg7 59. Rxf5 Rxg6 60. Rg5 Rf6 61. f5 Kc4 62. Kb2 Kd3 63. Rxh5 Ke3 64. Rg5 d4 65. Rg3+ Ke4 66. Rg4+ Kd5 1/2-1/2

[Event "Barcelona La Lira Spring op 1st"]
[Site "Barcelona"]
[Date "2008.04.03"]
[Round "1.24"]
[White "Borges Rebullida, Jordi"]
[Black "Rosell Hornero, Alejandro"]
[Result "0-1"]
[WhiteElo "1700"]
[BlackElo "1832"]
[PlyCount "76"]
[EventDate "2008.04.03"]
[EventType "swiss"]
[EventRounds "8"]
[EventCountry "ESP"]
[SourceTitle "EXT 2024"]
[Source "ChessBase"]
[SourceDate "2023.10.10"]
[SourceVersion "1"]
[SourceVersionDate "2023.10.10"]
[SourceQuality "1"]

1. e4 c6 2. d4 d5 3. Nc3 dxe4 4. Nxe4 Nd7 5. Nf3 Ngf6 6. Bd3 Nxe4 7. Bxe4 Nf6 8. Qd3 Bg4 9. c3 e6 10. Bg5 h6 11. Bh4 Be7 12. Bxf6 Bxf6 13. h3 Bxf3 14. Qxf3 Qb6 15. Qe2 0-0 16. 0-0 Rad8 17. Rfd1 Rd7 18. Rd2 Rfd8 19. Rad1 Bg5 20. Rd3 Qa5 21. a3 Qb6 22. g3 Be7 23. Kg2 Qc7 24. Qf3 f5 25. Bxf5 exf5 26. Qxf5 Rf8 27. Qe6+ Kh8 28. Re3 Bg5 29. Re2 Re7 30. Qg4 Rxe2 31. Qxe2 Qf7 32. Re1 Qd5+ 33. Qe4 Qxe4+ 34. Rxe4 Rf7 35. h4 Be7 36. c4 Bf6 37. b3 Kg8 38. Re8+ Kh7 0-1